Index vnímania korupcie v roku 2008 v podmienkach Slovenskej republiky a ostatných členských štátov EÚ
Článok sa zaoberá otázkami a problematikou súčasti tieňovej ekonomiky, korupciou. Korupcia v podmienkach Slovenskej republiky. Hospodárska kriminalita ako neoficiálna súčasť HDP patrí medzi vážne ekonomické problémy. Najpoužívanejší spôsob merania korupcie tzv. CPI index (Index vnímania korupcie) v...
Uložené v:
| Hlavný autor: | |
|---|---|
| Médium: | Kapitola |
| Jazyk: | Slovak |
| Predmet: | |
| Tagy: |
Žiadne tagy, Buďte prvý, kto otaguje tento záznam!
|
MARC
| LEADER | 00000nla$a2200000$$$4500 | ||
|---|---|---|---|
| 001 | 0103522 | ||
| 005 | 20240502072127.4 | ||
| 041 | 0 | |a slo | |
| 044 | |a SK | ||
| 245 | 1 | 0 | |a Index vnímania korupcie v roku 2008 v podmienkach Slovenskej republiky a ostatných členských štátov EÚ |c Marián Vongrej |
| 520 | |a Článok sa zaoberá otázkami a problematikou súčasti tieňovej ekonomiky, korupciou. Korupcia v podmienkach Slovenskej republiky. Hospodárska kriminalita ako neoficiálna súčasť HDP patrí medzi vážne ekonomické problémy. Najpoužívanejší spôsob merania korupcie tzv. CPI index (Index vnímania korupcie) v Slovenskej republike vyjadrovaný od roku 1998. Korupcia v ostatných členských štátoch EÚ. | ||
| 610 | 2 | 0 | |a kriminalita hospodárska |
| 610 | 2 | 0 | |a Slovensko |
| 610 | 2 | 0 | |a korupcia |
| 610 | 2 | 0 | |a ekonomika tieňová |
| 610 | 2 | 0 | |a indexy |
| 610 | 2 | 0 | |a Európska únia |
| 100 | 1 | |a Vongrej, Marián | |